000 00822nam a22002657a 4500
003 CHAP
005 20220329135023.0
008 971013s r 00010 d
010 _a29669
011 _a30641
035 _a34753
040 _cCHAP
090 _aR-935
100 0 0 _aCook, Harold T.
_927695
245 _aFusarium wilt resistant watermelons
500 _aSobretiro de: Transactions of the Peninsula Horticultural Society 28(5) : 30-38, 1938
590 _aBATCH-UPD
_b10
_c20130110
_lUCH01
_h2148
590 _aBATCH-UPD
_b10
_c20130410
_lUCH01
_h1457
590 _aBATCH-UPD
_b10
_c20130914
_lUCH01
_h1056
590 _aCONVERSION
_b10
_c20130109
_lUCH01
_h1317
650 1 4 _aSandía
_xEnfermedades por fusarium.
_9102065
901 _aBK
942 _cREIMP
949 _aR-935
_bBC
_cR
_d-80310
_eTS1
_i34753
_si
999 _c29669
_d29669